| 000 | 00430nam a22001577a 4500 | ||
|---|---|---|---|
| 005 | 20260315162114.0 | ||
| 008 | 260315b |||||||| |||| 00| 0 eng d | ||
| 020 |
_a9780521397377 _qpbk |
||
| 082 |
_a128.3 _bHIL |
||
| 100 | _a Hill ,Christopher S | ||
| 245 |
_aSensations _b A Defense of Type Materialism |
||
| 260 |
_aAmerica _bCambridge Univ Pr _c1 February 1991 |
||
| 300 | _aix 253 p. | ||
| 504 | _aindex | ||
| 942 | _cENGLISH | ||
| 999 |
_c617757 _d617757 |
||